NBA top 100 current players - Statistics

General Stats
  • This quiz has been taken 221 times
  • The average score is 66 of 100
Answer Stats
Rank Hint Answer % Correct
3 DAL Luka Dončić
99%
1 DEN Nikola Jokić
99%
10 LAL LeBron James
98%
6 BOS Jayson Tatum
97%
2 PHI Joel Embiid
97%
9 PHO Devin Booker
96%
4 MIL Giannis Antetokounmpo
96%
11 GSW Stephen Curry
96%
12 LAL Anthony Davis
95%
8 PHO Kevin Durant
95%
5 OKC Shai Gilgeous-Alexander
95%
15 ATL Trae Young
95%
14 MIL Damian Lillard
94%
13 MIA Jimmy Butler
94%
16 MIN Anthony Edwards
92%
21 MEM Ja Morant
91%
20 BOS Jaylen Brown
91%
19 LAC Kawhi Leonard
91%
7 IND Tyrese Haliburton
91%
17 CLE Donovan Mitchell
90%
27 LAC James Harden
88%
25 CHA LaMelo Ball
88%
24 SAC De’Aaron Fox
87%
18 SAC Domantas Sabonis
87%
31 DAL Kyrie Irving
87%
23 LAC Paul George
87%
28 NOP Zion Williamson
86%
26 MIA Bam Adebayo
85%
36 MIN Karl Anthony-Towns
84%
33 NYK Jalen Brunson
83%
22 TOR Pascal Siakam
81%
39 DEN Jamal Murray
80%
32 CHI DeMar DeRozan
79%
83 GSW Draymond Green
79%
29 NOP Brandon Ingram
77%
46 ATL Dejounte Murray
77%
41 CHI Zach Lavine
77%
44 PHI Tyrese Maxey
76%
37 MEM Jaren Jackson Jr.
75%
50 SAS Victor Wembanyama
75%
38 CLE Darius Garland
73%
35 UTA Lauri Markkanen
73%
30 BKN Mikal Bridges
73%
47 DET Cade Cunningham
71%
77 OKC Jalen Williams
71%
34 NYK Julius Randle
71%
51 ORL Paolo Banchero
71%
56 MIN Rudy Gobert
71%
54 MIA Tyler Herro
71%
90 GSW Klay Thompson
70%
84 CHA Miles Bridges
70%
81 BOS Derrick White
69%
48 BOS Kristaps Porzingis
69%
57 TOR Scottie Barnes
69%
89 GSW Chris Paul
67%
91 | 99 LAC Russell Westbrook
63%
100 LAL Austin Reaves
62%
42 MEM Desmond Bane
62%
45 CLE Evan Mobley
62%
43 HOU Fred Vanvleet
62%
74 CLE Jarrett Allen
62%
70 BOS Jrue Holiday
62%
49 IND Myles Turner
61%
55 OKC Chet Holmgren
60%
76 WAS Jordan Poole
60%
60 WAS Kyle Kuzma
60%
72 DEN Michael Porter Jr.
60%
82 PHO Bradley Beal
58%
67 DEN Aaron Gordon
57%
61 POR Anfernee Simons
57%
98 MIL Khris Middleton
56%
58 NOP C.J. McCollum
55%
53 CHI Nikola Vučević
54%
52 ORL Franz Wagner
53%
63 POR DeAndre Ayton
50%
69 OKC Josh Giddey
49%
65 SAS Keldon Johnson
49%
75 MIL Brook Lopez
48%
62 LAL D’Angelo Russell
46%
80 PHI Tobias Harris
46%
93 GSW Andrew Wiggins
44%
59 BKN Nic Claxton
41%
95 NYK RJ Barrett
41%
66 POR Jerami Grant
40%
68 TOR OG Anunoby
37%
87 ATL Clint Capela
36%
79 MEM Marcus Smart
34%
40 HOU Alperen Sengun
31%
73 SAS Devin Vassell
30%
88 UTA John Collins
30%
85 NOP Jonas Valanciunas
29%
92 PHO Jusuf Nurkić
26%
64 BKN Spencer Dinwiddie
24%
94 DET Bojan Bogdanovic
23%
86 TOR Jakob Poeltl
23%
78 CHA Terry Rozier
23%
96 CHA Gordon Hayward
21%
71 POR Malcolm Brogdon
21%
97 PHI Kelly Oubre Jr.
16%
No matching quizzes found
Score Distribution
Percent of People with Each Score
Percentile by Number Answered
Your Score History
You have not taken this quiz